Hodnotenie účinnosti čistenia odpadových vôd v čistiarni odpadových vôd Hlohovec
Saved in:
| Main Author: | |
|---|---|
| Other Authors: | |
| Format: | Manuscript Book |
| Language: | Slovak |
| Published: |
2024
|
| Subjects: | |
| Online Access: | http://is.stuba.sk/zp/portal_zp.pl?podrobnosti=169205 |
| Tags: |
No Tags, Be the first to tag this record!
|
MARC
| LEADER | 00000ntm a22000003a 4500 | ||
|---|---|---|---|
| 001 | stuzp99127 | ||
| 003 | SK-STU | ||
| 005 | 20240629212633.9 | ||
| 007 | ta | ||
| 008 | 150427s2015----xo-----f-mn---000-0-slo-d | ||
| 040 | |a STU |b slo | ||
| 041 | 0 | |a slo | |
| 100 | 1 | |a Franko, David |u 065000 |4 aut |U MTF Materiálovotechnologická fakulta |T MTF Ústav integrovanej bezpečnosti |X 116426 |U M5000 |Y 85 |7 116426 | |
| 242 | 0 | 1 | |a Evaluation of the efficiency of wastewater treatment in the wastewater treatment plant in Hlohovec |y eng |
| 245 | 1 | 0 | |a Hodnotenie účinnosti čistenia odpadových vôd v čistiarni odpadových vôd Hlohovec |
| 260 | |c 2024 | ||
| 650 | 4 | |a amoniakálny dusík |2 slo | |
| 650 | 4 | |a celkový dusík |2 slo | |
| 650 | 4 | |a celkový fosfor |2 slo | |
| 650 | 4 | |a čistenie odpadových vôd |2 slo | |
| 650 | 4 | |a spotreba kyslíka |2 slo | |
| 650 | 4 | |a nerozpustné látky |2 slo | |
| 650 | 4 | |a účinnosť čistenia |2 slo | |
| 650 | 4 | |a total nitrogen |2 eng | |
| 650 | 4 | |a total phosphorus |2 eng | |
| 650 | 4 | |a oxygen consumption |2 eng | |
| 650 | 4 | |a insoluble substances |2 eng | |
| 650 | 4 | |a treatment efficiency |2 eng | |
| 650 | 4 | |a ammonia nitrogen |2 eng | |
| 650 | 4 | |a wastewater treatment |2 eng | |
| 700 | 1 | |a Kucmanová, Alexandra |u 065100 |k Z1 |4 ths |U MTF Ústav integrovanej bezpečnosti |T MTF Katedra environmentálneho inžinierstva |X 100018 |U M5100 |Y 194 |7 100018 | |
| 856 | 4 | |u http://is.stuba.sk/zp/portal_zp.pl?podrobnosti=169205 | |
| 996 | |c M* BP-9740 |l MMSKP |s P |a 0 |w stuzp99127_0001 | ||